Normal view MARC view
  • Alarcón, Pedro Antonio de,

Entry Nombre Personal

Number of records used in: 9

001 - NUMERO DE CONTROL

  • campo de control: 28533

003 - IDENTIFICADOR DE NUMERO DE CONTROL

  • campo de control: UPN

005 - FECHA Y HORA DE LA ÜLTIMA TRANSACCIÓN

  • campo de control: 20231016101946.0

008 - DATOS DE LONGITUD FIJA

  • campo de control de longitud fija: nabaccnnaabn|||||||||| b |nc|||||d

035 ## - NUMERO DE CONTROL

  • Número de control: UPN11000000639

040 ## - FUENTE DE CATALOGACIÓN

  • Lenguaje de catalogación: SPA
  • Agencia de transcripción: UPN
  • Agencia original de catalogación: MX-MxUPN

053 #4 - NÚMERO DE CLASIFICACIÓN LC

  • Número de clasificación elemento-número único o número inicial de tramo: PQ6502

100 1# - ENCABEZAMIENTO - NOMBRE PERSONAL

  • Nombre personal: Alarcón, Pedro Antonio de,
  • Fechas asociadas con el nombre: 1833-1891

400 1# - VEÁSE - NOMBRE DE PERSONA

  • Personal name: Alarcón y Arriaza, Pedro Antonio,
  • Dates associated with a name: 1833-1891

670 ## - FUENTE EN LA QUE SE LOCALIZARON DATOS

  • Cita de la fuente: El capitán veneno, 1973:
  • Información localizada: portada (Pedro Antonio de Alarcón)

680 ## - NOTA PUBLICA DE ACCESO PÚBLICO

  • Frase explicativa de la referencia: Novelista español

902 ## - CATALOGADOR

  • Catalogador: DAA/151107